000 00352nam a22001451a 4500
020 _a9788170162148
082 _aH301
_bMAN/D
245 _aDus pratinidhi kahaniyam/
_cby Mannu Bhandari
260 _aNew Delhi:
_bKithabghar,
_c2005.
300 _a140p.
650 _aStories Hindi
650 _aLiterature Hindi
650 _aLiterature
942 _cBK
999 _c11502
_d11502